Mariage à la Bâloise

保存先:
書誌詳細
第一著者: Erni, Paul
フォーマット: 図書
言語:Undetermined
出版事項: Zurich La Neue Zurcher Zeitung 1979
主題:
タグ: タグ追加
タグなし, このレコードへの初めてのタグを付けませんか!
Thư viện lưu trữ: Trung tâm Học liệu Trường Đại học Cần Thơ
LEADER 00466nam a2200181Ia 4500
001 CTU_77463
008 210402s9999 xx 000 0 und d
082 |a 841 
082 |b E65 
100 |a Erni, Paul 
245 0 |a Mariage à la Bâloise 
245 0 |c Paul Erni 
260 |a Zurich 
260 |b La Neue Zurcher Zeitung 
260 |c 1979 
650 |a French literature 
904 |i Trọng Hải 
980 |a Trung tâm Học liệu Trường Đại học Cần Thơ